Geometrical methods in the theory of ordinary differential equations /
Guardado en:
| Autor Principal: | |
|---|---|
| Otros Autores: | |
| Formato: | Libro |
| Idioma: | English Russian |
| Publicado: |
New York :
Springer-Verlag,
c1983.
|
| Series: | Grundlehren der mathematischen Wissenschaften ;
250 |
| Materias: | |
| Etiquetas: |
Agregar Etiqueta
Sin Etiquetas, Sea el primero en etiquetar este registro!
|
| LEADER | 01368pam a2200277 a 4500 | ||
|---|---|---|---|
| 001 | MAT.inmabb003002 | ||
| 008 | 820322s1983####nyua#####b####000#0#eng## | ||
| 005 | 20130321110913.0 | ||
| 245 | 1 | 0 | |a Geometrical methods in the theory of ordinary differential equations / |c V. I. Arnold ; translated by Joseph Szücs ; English translation edited by Mark Levi. |
| 260 | |a New York : |b Springer-Verlag, |c c1983. | ||
| 300 | |a x, 334 p. : |b il. ; |c 25 cm. | ||
| 440 | 0 | |a Grundlehren der mathematischen Wissenschaften ; |v 250 | |
| 500 | |a Traducción de: Dopolnitel´nye glavy teorii obyknovennykh differentsial´nykh uravnenii. Moskva : Nauka, 1978. | ||
| 500 | |a "The content of this book constitutes the material of a series of mandatory and special courses delivered by the author at the Department of Mechanics and Mathematics of Moscow State University, 1970-1976"--Preface. | ||
| 504 | |a Incluye referencias bibliográficas. | ||
| 510 | 4 | |a MR, |c 84d:58023 | |
| 020 | |a 0387906819 | ||
| 100 | 1 | |a Arnol´d, V. I. |q (Vladimir Igorevich), |d 1937- | |
| 240 | 1 | 0 | |a Dopolnitel´nye glavy teorii obyknovennykh differentsial´nykh uravnenii. |l Inglés |
| 700 | 1 | |a Levi, Mark, |d 1951- | |
| 650 | 0 | |a Differential equations. | |
| 084 | |a 37 (34Cxx 70H05 70K30 70K99) |2 MR | ||
| 010 | |a 82005464 | ||
| 040 | |a DLC |c DLC |d DLC | ||
| 041 | 1 | |a eng |h rus | |
| 859 | |h 37 |i Ar752g |p A-5615 |b BIB. MATEMATICA | ||
